|
|
|
|
| LEADER |
00745nam a22002532a 4500 |
| 001 |
001121608 |
| 003 |
CZ BrMZK |
| 005 |
20110509140128.0 |
| 007 |
ta |
| 008 |
101013s1981 xr er|||||||||||cze d |
| 015 |
|
|
|a cnb000157337
|
| 035 |
|
|
|a (OCoLC)40079188
|
| 040 |
|
|
|a ABA001
|b cze
|d ABA001
|d BOA001
|
| 080 |
9 |
|
|a 657 :380 + 658.8(075.8)
|
| 100 |
1 |
|
|a Klozar, Jiří,
|d 1916-1996
|7 jk01060701
|4 aut
|
| 245 |
1 |
0 |
|a Účetnictví v obchodě /
|c Jiří Klozar
|
| 250 |
|
|
|a 1. vyd.
|
| 260 |
|
|
|a Praha :
|b Merkur,
|c 1981
|
| 300 |
|
|
|a 640 s. ;
|c 8°
|
| 504 |
|
|
|a Obsahuje bibliografii
|
| 910 |
|
|
|a BOA001
|b 2-0838.893
|
| 990 |
|
|
|a BK
|
| 991 |
|
|
|b 201010
|
| 996 |
6 |
|
|b 2619357130
|c 2-0838.893
|l MZK
|r Sklad / do 1 hodiny
|n 0
|w 001149834
|u 000010
|a 1
|e BOA001
|j MZK50
|s P
|